000 00314nam a2200133Ia 4500
003 OSt
005 20240216150458.0
008 170524s9999 xx 000 0 und d
020 _a9788125909361
040 _cIIMT UNIVERSITY , MEERUT
100 _aMISHRA M.N.
245 0 _aORGANIZATION BEHAVIOUR
942 _2ddc
_c02
999 _c4602
_d4602